00936nam a2200217 a 450000500170000000800410001702000150005804000350007304100080010804400070011608200190012310000410014224500990018326000610028230000510034350400410039465000530043565000520048865000350054071001430057520171017081417.0100428s2005 cl a grl 00010 spa d a9213227272 aCO-BoBLA cCO-BoBLAdCO-BoIAVH0 aspa acl04a333.72 bH56g 1 aHerrera Santos, Carlos Manueleautor10aGasto y desempeño ambiental del sector privado en Colombia / cCarlos Manuel Herrera Santos.3 aSantiago de Chile : bNaciones Unidas : bCEPAL, c2005. a70 páginas : bilustraciones ; c28 x 17 cm. aIncluye referencias bibliográficas26aEmpresas privadasxGestión ambientalzColombia26aEmpresas privadasxCostosxGestión ambiental.26aPolítica ambientalzColombia1 aNaciones Unidas. bComisión Económica para América Latina y el Caribe.bDivisión de Desarrollo Sostenible y Asentamientos Humanos.